| 000 | 00883nas a2200277 4500 | ||
|---|---|---|---|
| 001 | BR0204337 | ||
| 003 | BR-BrBNA | ||
| 005 | 20231205103214.0 | ||
| 007 | ta | ||
| 008 | 230509b bl.|||p| |||| 00| 00por d | ||
| 040 |
_aBR-BrBNA _bpor _cBiblioteca Nacional de Agricultura |
||
| 041 | _a(Pt) | ||
| 072 | _aM12 | ||
| 100 | 1 | _aLuz, R.K. | |
| 100 | 1 | _aZaniboni Filho, E. | |
| 245 | 1 | _aLarvicultura do mandi-amarelo Pimelodus maculatus Lacépède, 1803 (Siluriformes: Pimelodidae)em diferentes densidades de estocagem nos primeiros dias de vida | |
| 650 | _aMANDI | ||
| 650 | _aLARVA | ||
| 650 | _aESTOCAGEM | ||
| 650 | _aSOBREVIVÊNCIA | ||
| 650 | _aPESO | ||
| 650 | _aPÓS-LARVA | ||
| 773 | 0 |
_tRevista Brasileira de Zootecnia (Brazil) _xISSN 1516-3598 _g(Mar-Apr 2002), v. 31(2) p. 560-565 _wBR0204337 |
|
| 909 |
_a202311 _bLúcia _c55 _dLúcia Elande |
||
| 942 |
_2AGRIS _n0 _cANA |
||
| 999 |
_c171656 _d171656 |
||